| 000 | 00376nam a2200145Ia 4500 | ||
|---|---|---|---|
| 003 | OSt | ||
| 005 | 20240318112731.0 | ||
| 008 | 170523s9999 xx 000 0 und d | ||
| 020 | _a9788123916712 | ||
| 040 | _cIIMT UNIVERSITY | ||
| 100 | _aKumar satish | ||
| 245 | 0 | _aEnvironmental education and disaster management | |
| 260 | _aNav Bharat Prakashan Meerut | ||
| 942 |
_2ddc _c02 |
||
| 999 |
_c11903 _d11903 |
||